Health services research methods /
"Written with an emphasis on health services delivery and management, Health Services Research Methods balances classic and current models and methodology. It showcases approaches to measuring the relevant structure, process, and outcome variables that can be used to address efficiency and equi...
Saved in:
| 主要作者: | |
|---|---|
| 格式: | 图书 |
| 出版: |
Clifton Park, NY :
Thomson/Delmar Learning,
c2008.
|
| 版: | 2nd ed. |
| 主题: | |
| 在线阅读: | http://www.loc.gov/catdir/toc/ecip081/2007040628.html http://www.loc.gov/catdir/enhancements/fy1302/2007040628-b.html http://www.loc.gov/catdir/enhancements/fy1302/2007040628-d.html |
| 标签: |
添加标签
没有标签, 成为第一个标记此记录!
|
MARC
| LEADER | 00000cam a22000004a 4500 | ||
|---|---|---|---|
| 020 | |a 9781428352292 |c TZS 191,862/= | ||
| 040 | |a MUL |b eng |e AACR | ||
| 082 | 0 | 0 | |a 362.1072 SHI |
| 100 | 1 | |a Shi, Leiyu. | |
| 245 | 1 | 0 | |a Health services research methods / |c Leiyu Shi. |
| 250 | |a 2nd ed. | ||
| 260 | |a Clifton Park, NY : |b Thomson/Delmar Learning, |c c2008. | ||
| 300 | |a xvii, 481 p. : |b col. ill. ; |c 25 cm. | ||
| 504 | |a Includes bibliographical references and index. | ||
| 505 | 0 | |a Scientific foundations of health services research -- Conceptualizing health services research -- Groundwork in health services research -- Research review -- Secondary analysis -- Qualitative research -- Experimental research -- Survey research -- Evaluation research -- Design in health services research -- Sampling in health services research -- Measurements in health services research -- Data collection and processing in health services research -- Statistical analysis in health services research -- Applying health services research. | |
| 520 | |a "Written with an emphasis on health services delivery and management, Health Services Research Methods balances classic and current models and methodology. It showcases approaches to measuring the relevant structure, process, and outcome variables that can be used to address efficiency and equity issues in health care services delivery. Emerging health services research tools and skills are included, as well as implications for practice."--BOOK JACKET | ||
| 546 | |a eng | ||
| 650 | 0 | |a Medical care | |
| 650 | 0 | |a Public health | |
| 650 | 1 | 2 | |a Health Services Research |
| 650 | 2 | 2 | |a Data Collection |
| 650 | 2 | 2 | |a Research Design. |
| 650 | 2 | 2 | |a Statistics as Topic |
| 856 | 4 | 1 | |u http://www.loc.gov/catdir/toc/ecip081/2007040628.html |
| 856 | 4 | 2 | |u http://www.loc.gov/catdir/enhancements/fy1302/2007040628-b.html |
| 856 | 4 | 2 | |u http://www.loc.gov/catdir/enhancements/fy1302/2007040628-d.html |
| 942 | |c BK | ||
| 999 | |c 2252 |d 2252 | ||